| 000 | 00860nam a2200253Ia 4500 | ||
|---|---|---|---|
| 003 | OSt | ||
| 005 | 20220928112600.0 | ||
| 006 | a|||||r|||| 00| 0 | ||
| 007 | ta | ||
| 008 | 220927b |||||||| |||| 00| 0 eng d | ||
| 020 | _c690 | ||
| 024 | _a125218 | ||
| 037 |
_b443, 08/01/2015, Bookwell Publications _cReports / Technical Reports |
||
| 040 |
_aSDCL _cSDCL _beng |
||
| 041 |
_2eng _aeng |
||
| 082 | _aX9:327.2'P13, Q4 RR | ||
| 100 |
_aIDFC Foundation _9428911 |
||
| 245 | 0 |
_aIndia infrastructure report 2013-2014 _b The road to universal health coverage |
|
| 260 |
_aNew Delhi _bOrient Blackswan Private Limited _c2014 |
||
| 300 |
_alxi;283p. _ccm. |
||
| 650 | _aReference | ||
| 942 |
_hX9:327.2'P13, Q4 RR _cREP _2CC |
||
| 999 |
_c745399 _d745399 |
||